[Event "Western Canadian op"]
[Site "Richmond CAN"]
[Date "2004.07.18"]
[Round "10.39"]
[White "Chow, Thomas"]
[Black "Fletcher, Christopher"]
[Result "0-1"]
[WhiteElo "1278"]
[BlackElo "1652"]
[PlyCount "52"]
[GameId "2160767911095744"]
[EventDate "2004.07.09"]
[EventType "swiss"]
[EventRounds "10"]
[EventCountry "CAN"]

1. d4 Nf6 2. c4 e6 3. Nc3 Bb4 4. Bg5 h6 5. Bxf6 Qxf6 6. e3 b6 7. a3 Bxc3+ 8. bxc3 c5 9. Nf3 Nc6 10. Bd3 d5 11. cxd5 exd5 12. Bb5 Bg4 13. Bxc6+ Qxc6 14. h3 Bxf3 15. Qxf3 cxd4 16. exd4 Qe6+ 17. Kd2 O-O 18. Rhe1 Qd7 19. Re5 Rad8 20. Rae1 Qb5 21. g4 Qb2+ 22. Kd3 Rc8 23. Qxd5 Rxc3+ 24. Ke4 Qc2+ 25. Kf4 Qxf2+ 26. Ke4 Qf3# 0-1

[Event "Western Canadian op"]
[Site "Richmond CAN"]
[Date "2004.07.18"]
[Round "10.41"]
[White "Sutherland, Daniel"]
[Black "Raymer, Evan"]
[Result "0-1"]
[WhiteElo "1457"]
[BlackElo "1576"]
[PlyCount "112"]
[GameId "2160767911095745"]
[EventDate "2004.07.09"]
[EventType "swiss"]
[EventRounds "10"]
[EventCountry "CAN"]

1. e4 c5 2. Nf3 d6 3. c3 Nf6 4. d3 Nc6 5. Bg5 h6 6. Be3 Bg4 7. Nbd2 e5 8. Be2 Be7 9. O-O O-O 10. a3 Qc7 11. Rc1 Rfd8 12. b4 b6 13. Ne1 Be6 14. f4 d5 15. fxe5 Nxe5 16. Bf4 Bd6 17. Bxh6 Neg4 18. Bg5 Bxh2+ 19. Kh1 dxe4 20. Bxf6 Bg1 21. Nef3 exf3 22. Nxf3 gxf6 23. Kxg1 Ne3 24. Qd2 Nxf1 25. Rxf1 Kg7 26. Ng5 fxg5 27. Qxg5+ Kf8 28. Qh6+ Ke8 29. d4 Kd7 30. Rxf7+ Bxf7 31. Bg4+ Ke7 32. Qh4+ Kf8 33. Qh6+ Kg8 34. Qg5+ Bg6 35. Qxg6+ Qg7 36. Be6+ Kf8 37. Qf5+ Ke7 38. d5 Rf8 39. Qd3 Rad8 40. bxc5 Qf6 41. Qh7+ Rf7 42. Bxf7 Qxf7 43. Qe4+ Kf8 44. cxb6 axb6 45. Qb4+ Ke8 46. c4 Qc7 47. Qe1+ Qe7 48. Qg3 Qc5+ 49. Kh1 Rd6 50. Qe1+ Kd7 51. Qc1 Rxd5 52. g4 Rd4 53. g5 Qxc4 54. Qe3 Rh4+ 55. Kg1 Qd4 56. Kf2 Rh2+ 0-1

[Event "Western Canadian op"]
[Site "Richmond CAN"]
[Date "2004.07.18"]
[Round "10.42"]
[White "Dekker, Case"]
[Black "Beauchamp, Richard"]
[Result "1/2-1/2"]
[WhiteElo "1561"]
[BlackElo "997"]
[PlyCount "123"]
[GameId "2160767911095746"]
[EventDate "2004.07.09"]
[EventType "swiss"]
[EventRounds "10"]
[EventCountry "CAN"]

1. f4 d5 2. Nf3 e6 3. e3 Nf6 4. Be2 b6 5. Nc3 Bb7 6. O-O Ne4 7. d3 Nxc3 8. bxc3 Bc5 9. d4 Bd6 10. a4 O-O 11. Ba3 c5 12. Rb1 Nd7 13. Ne5 Qc7 14. Bb5 Nf6 15. Qe1 Ne4 16. Bd3 cxd4 17. Bxd6 Nxd6 18. cxd4 Ne4 19. c4 dxc4 20. Nxc4 Bd5 21. Rc1 Qb7 22. Bxe4 Bxe4 23. Nd6 Qd5 24. Nxe4 Qxe4 25. Rf3 Rac8 26. Rh3 Rc2 27. Rxc2 Qxc2 28. g4 Qxa4 29. g5 Rc8 30. Qb1 g6 31. Rf3 Qa3 32. Kg2 Rc1 33. Qe4 Qa2+ 34. Rf2 Qd5 35. Qxd5 exd5 36. Rb2 Kf8 37. Rb5 Rc3 38. Kf3 Rc2 39. h3 Rh2 40. Rxd5 Rxh3+ 41. Ke4 Ke7 42. Re5+ Kd7 43. Kd5 a5 44. Kc4 Rh5 45. Kb5 h6 46. Kxb6 a4 47. Ra5 a3 48. Rxa3 hxg5 49. Ra7+ Ke6 50. d5+ Kxd5 51. Rxf7 gxf4 52. exf4 Rf5 53. Rg7 Rf6+ 54. Kb5 Ke4 55. Kc5 Kxf4 56. Kd5 g5 57. Rh7 Rg6 58. Rf7+ Kg4 59. Ke5 Kh3 60. Kf5 Rg8 61. Rh7+ Kg2 62. Kg4 1/2-1/2

[Event "Winnipeg Gr-A GP final"]
[Site "Winnipeg CAN"]
[Date "2004.11.02"]
[Round "1"]
[White "Repa, Jason"]
[Black "Babb, Jeff"]
[Result "1/2-1/2"]
[WhiteElo "1938"]
[BlackElo "2186"]
[PlyCount "105"]
[GameId "2160767911031890"]
[EventDate "2004.12.??"]
[EventType "tourn"]
[EventRounds "6"]
[EventCountry "CAN"]
[SourceTitle "EXT 2006"]
[Source "ChessBase"]
[SourceDate "2005.11.24"]
[SourceVersion "1"]
[SourceVersionDate "2005.11.24"]
[SourceQuality "1"]

1. b3 e5 2. Bb2 Nc6 3. e3 d6 4. Bb5 a6 5. Bxc6+ bxc6 6. Ne2 Qg5 7. Ng3 h5 8. f4 exf4 9. Qf3 Ne7 10. exf4 Qg4 11. Qxg4 hxg4 12. Nc3 Nf5 13. Nxf5 Bxf5 14. O-O-O Kd7 15. Ne2 Be4 16. Rdg1 c5 17. h3 Re8 18. Ng3 Bc6 19. hxg4 Rxh1 20. Nxh1 Bxg2 21. Ng3 Bf3 22. g5 g6 23. d3 d5 24. Be5 Be7 25. Kd2 Bxg5 26. Rf1 Bg2 27. Rf2 Rxe5 28. fxg5 Bh3 29. Rxf7+ Kd6 30. Rf6+ Re6 31. Rxe6+ Kxe6 32. c4 c6 33. Ke3 Ke5 34. cxd5 cxd5 35. Ne2 Kf5 36. d4 cxd4+ 37. Kxd4 Bg2 38. b4 Kxg5 39. Ke5 Bf1 40. Nf4 Bc4 41. Nxd5 Bxa2 42. Nf4 Bc4 43. Nxg6 Kxg6 44. Kd4 Bf1 45. Kc3 Kf5 46. Kb2 Ke4 47. Ka1 Kd4 48. Kb2 Kc4 49. Ka1 Kc3 50. Ka2 Kc2 51. Ka1 Kc1 52. Ka2 Bc4+ 53. Ka1 1/2-1/2

[Event "Winnipeg Gr-A GP final"]
[Site "Winnipeg CAN"]
[Date "2004.11.02"]
[Round "1"]
[White "Vincent, Trevor"]
[Black "Boron, Anthony"]
[Result "1/2-1/2"]
[WhiteElo "2038"]
[BlackElo "1929"]
[PlyCount "129"]
[GameId "2160767911031891"]
[EventDate "2004.12.??"]
[EventType "tourn"]
[EventRounds "6"]
[EventCountry "CAN"]
[SourceTitle "EXT 2006"]
[Source "ChessBase"]
[SourceDate "2005.11.24"]
[SourceVersion "1"]
[SourceVersionDate "2005.11.24"]
[SourceQuality "1"]

1. c4 e5 2. g3 Nf6 3. Bg2 c6 4. d4 exd4 5. Qxd4 Na6 6. Nf3 Bc5 7. Qd3 d5 8. a3 Qb6 9. O-O dxc4 10. Qxc4 Be6 11. Qf4 Rd8 12. b4 Bxf2+ 13. Kh1 Bd4 14. Nxd4 Rxd4 15. Qe5 Qd8 16. Nc3 O-O 17. Be3 Rc4 18. Bg5 Ng4 19. Qxe6 fxe6 20. Bxd8 Rxd8 21. Rac1 Ne3 22. Bh3 Nc7 23. Rf3 Rxc3 24. Rxc3 Rd1+ 25. Bf1 Ncd5 26. Rcxe3 Nxe3 27. Rxe3 Rxf1+ 28. Kg2 Rf6 29. Rd3 Kf8 30. Rd8+ Ke7 31. Rb8 b5 32. Rb7+ Kd6 33. Rxg7 h6 34. Rxa7 Kd5 35. Rd7+ Ke5 36. Rd3 Rf7 37. Rc3 Kd6 38. g4 Rf4 39. Kg3 Rc4 40. Rd3+ Ke5 41. h4 Ke4 42. Rf3 Rc1 43. Rf6 Rg1+ 44. Kf2 Rxg4 45. Rxe6+ Kf5 46. Rxc6 Rxh4 47. Rc5+ Ke6 48. Rxb5 h5 49. a4 Kd6 50. a5 Kc6 51. Rb6+ Kc7 52. b5 Ra4 53. Rc6+ Kb7 54. a6+ Kb8 55. Rb6+ Ka8 56. Rb7 Rb4 57. b6 h4 58. Kf3 h3 59. Kg3 h2 60. Kxh2 Rh4+ 61. Kg3 Rh3+ 62. Kf2 Rh2+ 63. Kf3 Rh3+ 64. Ke4 Rh4+ 65. Kd3 1/2-1/2

[Event "Winnipeg Gr-A GP final"]
[Site "Winnipeg CAN"]
[Date "2004.11.09"]
[Round "2"]
[White "Babb, Jeff"]
[Black "Boron, Anthony"]
[Result "1/2-1/2"]
[WhiteElo "2186"]
[BlackElo "1929"]
[PlyCount "133"]
[GameId "2160767911031892"]
[EventDate "2004.12.??"]
[EventType "tourn"]
[EventRounds "6"]
[EventCountry "CAN"]
[SourceTitle "EXT 2006"]
[Source "ChessBase"]
[SourceDate "2005.11.24"]
[SourceVersion "1"]
[SourceVersionDate "2005.11.24"]
[SourceQuality "1"]

1. e4 d5 2. exd5 Qxd5 3. Nc3 Qa5 4. g3 Nf6 5. Bg2 c6 6. Nf3 Bg4 7. h3 Bh5 8. O-O Nbd7 9. b4 Qc7 10. b5 Nd5 11. bxc6 bxc6 12. Bb2 e6 13. Ne4 Nc5 14. Nxc5 Bxc5 15. d4 Be7 16. c4 Nf6 17. g4 Bg6 18. Ne5 Be4 19. Bxe4 Nxe4 20. Qf3 Ng5 21. Qxc6+ Qxc6 22. Nxc6 Nxh3+ 23. Kh2 Nf4 24. Nxe7 Kxe7 25. Kg3 Ng6 26. Ba3+ Kd7 27. Rab1 Rhc8 28. Rb7+ Rc7 29. Rfb1 Rac8 30. f4 Kc6 31. R7b5 Kd7 32. Bc5 Ne7 33. a4 h6 34. Rb7 Nc6 35. R7b5 g6 36. Rh1 Rh8 37. a5 a6 38. Rb6 Nxa5 39. Rd6+ Kc8 40. Rxa6 Nc6 41. Ra8+ Nb8 42. Rb1 Rb7 43. Rxb7 Kxb7 44. Ra7+ Kc6 45. Rxf7 Nd7 46. Be7 Rb8 47. Rg7 Rb3+ 48. Kh4 Nb6 49. Rxg6 Nxc4 50. Rxe6+ Kd7 51. f5 Ne3 52. Re4 Nd5 53. Bc5 Rb1 54. Kg3 Rb3+ 55. Kf2 Rb2+ 56. Re2 Rb3 57. Ra2 Nf4 58. Ra7+ Kc6 59. Ra6+ Kd5 60. Rxh6 Nd3+ 61. Ke2 Nf4+ 62. Kd2 Kc4 63. Ra6 Rd3+ 64. Kc2 Rc3+ 65. Kb2 Nd3+ 66. Ka2 Rc2+ 67. Kb1 1/2-1/2

[Event "Winnipeg Gr-A GP final"]
[Site "Winnipeg CAN"]
[Date "2004.11.09"]
[Round "2"]
[White "Repa, Jason"]
[Black "Vincent, Trevor"]
[Result "1/2-1/2"]
[WhiteElo "1938"]
[BlackElo "2038"]
[PlyCount "35"]
[GameId "2160767911031893"]
[EventDate "2004.12.??"]
[EventType "tourn"]
[EventRounds "6"]
[EventCountry "CAN"]
[SourceTitle "EXT 2006"]
[Source "ChessBase"]
[SourceDate "2005.11.24"]
[SourceVersion "1"]
[SourceVersionDate "2005.11.24"]
[SourceQuality "1"]

1. e4 c5 2. c3 d5 3. exd5 Qxd5 4. Nf3 Nf6 5. d4 Bg4 6. Be2 e6 7. O-O Nc6 8. h3 Bh5 9. c4 Qd8 10. dxc5 Bxc5 11. Qb3 Qc7 12. Nc3 h6 13. Nb5 Qb8 14. Be3 Bxe3 15. Qxe3 a6 16. Nbd4 Nxd4 17. Qxd4 O-O 18. Rad1 1/2-1/2

[Event "Winnipeg Gr-A GP final"]
[Site "Winnipeg CAN"]
[Date "2004.11.16"]
[Round "3"]
[White "Boron, Anthony"]
[Black "Repa, Jason"]
[Result "1-0"]
[WhiteElo "1929"]
[BlackElo "1938"]
[PlyCount "65"]
[GameId "2160767911031894"]
[EventDate "2004.12.??"]
[EventType "tourn"]
[EventRounds "6"]
[EventCountry "CAN"]
[SourceTitle "EXT 2006"]
[Source "ChessBase"]
[SourceDate "2005.11.24"]
[SourceVersion "1"]
[SourceVersionDate "2005.11.24"]
[SourceQuality "1"]

1. e4 e6 2. d4 d5 3. exd5 exd5 4. Nf3 Bg4 5. h3 Bh5 6. Qe2+ Qe7 7. Be3 c6 8. Nbd2 Nd7 9. O-O-O O-O-O 10. g4 Bg6 11. Bf4 Qb4 12. Nb3 Nb6 13. Ne5 Nf6 14. Nxc6 bxc6 15. Qa6+ Kd7 16. a3 Qa4 17. Qb7+ Ke6 18. Re1+ Ne4 19. f3 Bd6 20. Bxd6 Kxd6 21. fxe4 Rd7 22. e5+ Ke7 23. Qa6 Qxa6 24. Bxa6 Na4 25. Re3 Rb8 26. Bd3 Bxd3 27. Rxd3 Rdb7 28. Rf1 Ke6 29. Rf4 Rb5 30. Rdf3 R8b7 31. g5 c5 32. dxc5 Nxc5 33. Nd4+ 1-0

[Event "Winnipeg Gr-A GP final"]
[Site "Winnipeg CAN"]
[Date "2004.11.16"]
[Round "3"]
[White "Vincent, Trevor"]
[Black "Babb, Jeff"]
[Result "1/2-1/2"]
[WhiteElo "2038"]
[BlackElo "2186"]
[PlyCount "55"]
[GameId "2160767911031895"]
[EventDate "2004.12.??"]
[EventType "tourn"]
[EventRounds "6"]
[EventCountry "CAN"]
[SourceTitle "EXT 2006"]
[Source "ChessBase"]
[SourceDate "2005.11.24"]
[SourceVersion "1"]
[SourceVersionDate "2005.11.24"]
[SourceQuality "1"]

1. c4 e5 2. g3 Nc6 3. Bg2 g6 4. Nc3 Bg7 5. e4 d6 6. Nge2 Nge7 7. O-O O-O 8. d3 Bd7 9. Nd5 Rb8 10. a4 a5 11. Be3 Nxd5 12. cxd5 Nd4 13. Nxd4 exd4 14. Bd2 c5 15. Qc2 b6 16. Rfe1 Qe7 17. f4 f6 18. Bf3 g5 19. Qd1 Kh8 20. Bg4 h6 21. Bxd7 Qxd7 22. f5 Qf7 23. Qb3 Qd7 24. Qb5 Rfd8 25. Ra3 Qxb5 26. axb5 Rb7 27. b3 Bf8 28. Kf2 1/2-1/2

[Event "Winnipeg Gr-A GP final"]
[Site "Winnipeg CAN"]
[Date "2004.11.23"]
[Round "4"]
[White "Babb, Jeff"]
[Black "Repa, Jason"]
[Result "1-0"]
[WhiteElo "2186"]
[BlackElo "1938"]
[PlyCount "69"]
[GameId "2160767911031896"]
[EventDate "2004.12.??"]
[EventType "tourn"]
[EventRounds "6"]
[EventCountry "CAN"]
[SourceTitle "EXT 2006"]
[Source "ChessBase"]
[SourceDate "2005.11.24"]
[SourceVersion "1"]
[SourceVersionDate "2005.11.24"]
[SourceQuality "1"]

1. e4 e6 2. d3 d5 3. Nd2 Nf6 4. Ngf3 c5 5. g3 Nc6 6. Bg2 Be7 7. O-O O-O 8. Re1 Qc7 9. Qe2 b5 10. e5 Nd7 11. Nf1 Nd4 12. Nxd4 cxd4 13. a3 Bb7 14. Bf4 a5 15. h4 b4 16. Bg5 Rfe8 17. Bxe7 Rxe7 18. axb4 axb4 19. Rxa8+ Bxa8 20. Ra1 Bc6 21. f4 f5 22. Nd2 Re8 23. Nb3 Ra8 24. Rxa8+ Bxa8 25. Qf2 Nc5 26. Nxd4 b3 27. Nxb3 Nxb3 28. cxb3 Bb7 29. Qa7 Kf7 30. Kh2 Ke7 31. b4 Kd7 32. Qc5 Qxc5 33. bxc5 Ba6 34. d4 h5 35. Kg1 1-0

[Event "Winnipeg Gr-A GP final"]
[Site "Winnipeg CAN"]
[Date "2004.11.23"]
[Round "4"]
[White "Boron, Anthony"]
[Black "Vincent, Trevor"]
[Result "1-0"]
[WhiteElo "1929"]
[BlackElo "2038"]
[PlyCount "39"]
[GameId "2160767911031897"]
[EventDate "2004.12.??"]
[EventType "tourn"]
[EventRounds "6"]
[EventCountry "CAN"]
[SourceTitle "EXT 2006"]
[Source "ChessBase"]
[SourceDate "2005.11.24"]
[SourceVersion "1"]
[SourceVersionDate "2005.11.24"]
[SourceQuality "1"]

1. e4 c5 2. Nf3 Nc6 3. Bb5 g6 4. Bxc6 bxc6 5. O-O Bg7 6. d3 Rb8 7. Nc3 e5 8. b3 Ne7 9. Be3 d6 10. Qd2 O-O 11. h3 f5 12. Bh6 f4 13. Bxg7 Kxg7 14. Na4 c4 15. dxc4 Qc7 16. Rad1 Rf6 17. Qc3 c5 18. Qd3 Bb7 19. Nc3 h6 20. Nb5 1-0

[Event "Winnipeg Gr-A GP final"]
[Site "Winnipeg CAN"]
[Date "2004.11.30"]
[Round "5"]
[White "Boron, Anthony"]
[Black "Babb, Jeff"]
[Result "0-1"]
[WhiteElo "1929"]
[BlackElo "2186"]
[PlyCount "58"]
[GameId "2160767911031898"]
[EventDate "2004.12.??"]
[EventType "tourn"]
[EventRounds "6"]
[EventCountry "CAN"]
[SourceTitle "EXT 2006"]
[Source "ChessBase"]
[SourceDate "2005.11.24"]
[SourceVersion "1"]
[SourceVersionDate "2005.11.24"]
[SourceQuality "1"]

1. e4 e5 2. d4 exd4 3. Qxd4 Nc6 4. Qe3 Nf6 5. Bd2 Bb4 6. Nc3 O-O 7. O-O-O Re8 8. Qg3 Rxe4 9. Bd3 Rg4 10. Qh3 d5 11. f3 Rd4 12. Qg3 Bd6 13. Qf2 Rxd3 14. cxd3 Nb4 15. Bg5 Ng4 16. fxg4 Qxg5+ 17. Kb1 Bxg4 18. Nf3 Qg6 19. Nh4 Qh5 20. Nf3 Bf5 21. Ne1 c5 22. Ka1 d4 23. Qe2 Bg4 24. Nf3 dxc3 25. bxc3 Nd5 26. Kb2 Bxf3 27. gxf3 Qe5 28. Qd2 Qf4 29. d4 Ne3 0-1

[Event "Winnipeg Gr-A GP final"]
[Site "Winnipeg CAN"]
[Date "2004.11.30"]
[Round "5"]
[White "Vincent, Trevor"]
[Black "Repa, Jason"]
[Result "1-0"]
[WhiteElo "2038"]
[BlackElo "1938"]
[PlyCount "85"]
[GameId "2160767911031899"]
[EventDate "2004.12.??"]
[EventType "tourn"]
[EventRounds "6"]
[EventCountry "CAN"]
[SourceTitle "EXT 2006"]
[Source "ChessBase"]
[SourceDate "2005.11.24"]
[SourceVersion "1"]
[SourceVersionDate "2005.11.24"]
[SourceQuality "1"]

1. c4 e5 2. g3 Nf6 3. Bg2 Nc6 4. Nc3 Bb4 5. Nd5 O-O 6. e3 Re8 7. Ne2 Rb8 8. O-O a5 9. d3 b5 10. b3 Bf8 11. Bb2 bxc4 12. dxc4 a4 13. Nec3 axb3 14. Nxf6+ Qxf6 15. Nd5 Qd8 16. axb3 Nb4 17. Ra7 Nxd5 18. cxd5 Bc5 19. Ra4 Qf6 20. Qc2 Qb6 21. Ba3 Bxa3 22. Rxa3 Bb7 23. Rc1 Ra8 24. Rxa8 Rxa8 25. Be4 c6 26. dxc6 Bxc6 27. Bxc6 Rc8 28. Qc5 Qxc5 29. Rxc5 Rxc6 30. Rxe5 Kf8 31. b4 Rb6 32. b5 f6 33. Rd5 Ke7 34. e4 Ke6 35. Kf1 g6 36. Ke2 Rd6 37. Rd3 Rb6 38. Rb3 d5 39. Kd3 dxe4+ 40. Kxe4 f5+ 41. Kd4 Kd6 42. Kc4 g5 43. Rd3+ 1-0

[Event "Winnipeg Gr-A GP final"]
[Site "Winnipeg CAN"]
[Date "2004.12.07"]
[Round "6"]
[White "Babb, Jeff"]
[Black "Vincent, Trevor"]
[Result "1/2-1/2"]
[WhiteElo "2186"]
[BlackElo "2038"]
[PlyCount "117"]
[GameId "2160767911031900"]
[EventDate "2004.12.??"]
[EventType "tourn"]
[EventRounds "6"]
[EventCountry "CAN"]
[SourceTitle "EXT 2006"]
[Source "ChessBase"]
[SourceDate "2005.11.24"]
[SourceVersion "1"]
[SourceVersionDate "2005.11.24"]
[SourceQuality "1"]

1. e4 c5 2. Nc3 Nc6 3. g3 g6 4. Bg2 Bg7 5. d3 d6 6. Nh3 e6 7. O-O Nge7 8. Be3 O-O 9. Qd2 Nd4 10. Bh6 e5 11. Bxg7 Kxg7 12. f4 f6 13. Rf2 Be6 14. Kh1 Qd7 15. Ng1 exf4 16. Rxf4 d5 17. Raf1 Ndc6 18. Qf2 Ne5 19. exd5 Nxd5 20. Nxd5 Bxd5 21. Qxc5 Bxg2+ 22. Kxg2 Rac8 23. Qf2 Ng4 24. Rxg4 Qxg4 25. Nf3 b6 26. Nd4 Qd7 27. a3 Qd5+ 28. Kg1 Rce8 29. c3 Qe5 30. Qf3 Rf7 31. Kg2 Qe3 32. Qxe3 Rxe3 33. Kf2 Rfe7 34. Rd1 f5 35. Rd2 Re8 36. Nc6 a5 37. d4 R3e6 38. d5 Rd6 39. c4 Re4 40. Rd4 Rxd4 41. Nxd4 Kf6 42. Ke3 Rd8 43. b4 axb4 44. axb4 Ra8 45. Nc6 Ra3+ 46. Kd4 g5 47. Ne5 f4 48. gxf4 gxf4 49. d6 f3 50. Ke4 f2 51. Ng4+ Ke6 52. Nxf2 Kxd6 53. Kd4 Ra2 54. Ne4+ Kc6 55. b5+ Kc7 56. h3 Rh2 57. Ng5 h6 58. Ne6+ Kd6 59. Nf4 1/2-1/2

[Event "Winnipeg Gr-A GP final"]
[Site "Winnipeg CAN"]
[Date "2004.12.07"]
[Round "6"]
[White "Repa, Jason"]
[Black "Boron, Anthony"]
[Result "1/2-1/2"]
[WhiteElo "1938"]
[BlackElo "1929"]
[PlyCount "43"]
[GameId "2160767911031901"]
[EventDate "2004.12.??"]
[EventType "tourn"]
[EventRounds "6"]
[EventCountry "CAN"]
[SourceTitle "EXT 2006"]
[Source "ChessBase"]
[SourceDate "2005.11.24"]
[SourceVersion "1"]
[SourceVersionDate "2005.11.24"]
[SourceQuality "1"]

1. f4 d5 2. b3 Nf6 3. e3 g6 4. Bb2 Bg7 5. Nf3 Bg4 6. h3 Bxf3 7. Qxf3 O-O 8. f5 e6 9. g4 Ne4 10. Bxg7 Qh4+ 11. Kd1 Kxg7 12. Rg1 Nd7 13. d4 a6 14. Bd3 Qf2 15. Rf1 Qxf3+ 16. Rxf3 exf5 17. gxf5 Ndf6 18. Nd2 Rae8 19. c4 c6 20. Rc1 Ng5 21. Rg3 Nge4 22. Rf3 1/2-1/2

[Event "Winnipeg Gr-B GP final"]
[Site "Winnipeg CAN"]
[Date "2004.11.02"]
[Round "1"]
[White "Lauritson, Jim"]
[Black "Zhou, Lu"]
[Result "0-1"]
[WhiteElo "1896"]
[BlackElo "1772"]
[PlyCount "59"]
[GameId "2160767911031902"]
[EventDate "2004.12.??"]
[EventType "tourn"]
[EventRounds "6"]
[EventCountry "CAN"]
[SourceTitle "EXT 2006"]
[Source "ChessBase"]
[SourceDate "2005.11.24"]
[SourceVersion "1"]
[SourceVersionDate "2005.11.24"]
[SourceQuality "1"]

1. e4 e5 2. Nf3 Nc6 3. Bc4 Bc5 4. c3 Nf6 5. d3 O-O 6. O-O a5 7. Bg5 d6 8. h3 Be6 9. Nbd2 h6 10. Be3 Bxe3 11. fxe3 Bxc4 12. Nxc4 Ne7 13. Nh4 b5 14. Nd2 d5 15. Qf3 Ra6 16. Rad1 a4 17. Nf5 Ng6 18. Rfe1 c5 19. d4 cxd4 20. exd4 exd4 21. Nxd4 Rb6 22. e5 Nh4 23. Qd3 Nh5 24. e6 Nf4 25. Qg3 fxe6 26. N4f3 Nfxg2 27. Ne5 Nxe1 28. Rxe1 Rb7 29. Rf1 Qg5 30. Qxg5 0-1

[Event "Winnipeg Gr-B GP final"]
[Site "Winnipeg CAN"]
[Date "2004.11.02"]
[Round "1"]
[White "Zaczek, Jonathon"]
[Black "Cleto, Sam"]
[Result "1-0"]
[WhiteElo "1953"]
[BlackElo "1875"]
[PlyCount "152"]
[GameId "2160767911031903"]
[EventDate "2004.12.??"]
[EventType "tourn"]
[EventRounds "6"]
[EventCountry "CAN"]
[SourceTitle "EXT 2006"]
[Source "ChessBase"]
[SourceDate "2005.11.24"]
[SourceVersion "1"]
[SourceVersionDate "2005.11.24"]
[SourceQuality "1"]

1. e4 c5 2. Nf3 d6 3. d4 cxd4 4. Nxd4 Nf6 5. Nc3 a6 6. Bc4 e6 7. Bb3 Be7 8. O-O O-O 9. Be3 Nc6 10. f4 Na5 11. Qf3 Qc7 12. Rad1 b5 13. f5 Nxb3 14. cxb3 exf5 15. Nxf5 Bxf5 16. Qxf5 Rac8 17. Bd4 b4 18. Ne2 g6 19. Qf4 Nh5 20. Qh6 Qa5 21. Ng3 Bg5 22. Nf5 Qd8 23. h4 Bf6 24. Bxf6 Qxf6 25. Nxd6 Qxh4 26. Nxc8 Rxc8 27. Rc1 Re8 28. Rc4 Qe7 29. Qd2 Ng3 30. Re1 Rd8 31. Qxb4 Qh4 32. Rd4 Rc8 33. Qd6 Nf5 34. g3 Nxg3 35. Kg2 Nh5 36. Red1 Qg4+ 37. Kf2 Nf4 38. Rc4 Qh4+ 39. Ke3 Qg3+ 40. Kd2 Re8 41. Kc1 Qg5 42. Kb1 Ne6 43. Qxa6 Qg4 44. Rdc1 Qg2 45. Qd6 Rd8 46. Rc8 Qxe4+ 47. Ka1 Rxc8 48. Rxc8+ Kg7 49. Rc1 Nd4 50. Qc5 h5 51. Qc3 Kh7 52. a3 h4 53. Ka2 Ne2 54. Qe1 Nxc1+ 55. Qxc1 h3 56. Qf1 Qf5 57. Qh1 Qg4 58. Qh2 Qg2 59. Qf4 Kg7 60. Qe5+ Kh6 61. Qf4+ Kh5 62. Qxf7 h2 63. Qh7+ Kg5 64. Qe7+ Kf4 65. Qf6+ Ke3 66. Qe5+ Kf3 67. Qd5+ Kf2 68. Qd4+ Kf3 69. Qf6+ Ke3 70. Qe5+ Kd2 71. Qc3+ Kd1 72. Qd3+ Qd2 73. Qf1+ Qe1 74. Qf3+ Qe2 75. Qd5+ Qd2 76. Qh1+ Kc2 1-0

[Event "Winnipeg Gr-B GP final"]
[Site "Winnipeg CAN"]
[Date "2004.11.09"]
[Round "2"]
[White "Cleto, Sam"]
[Black "Zhou, Lu"]
[Result "1-0"]
[WhiteElo "1875"]
[BlackElo "1772"]
[PlyCount "83"]
[GameId "2160767911031904"]
[EventDate "2004.12.??"]
[EventType "tourn"]
[EventRounds "6"]
[EventCountry "CAN"]
[SourceTitle "EXT 2006"]
[Source "ChessBase"]
[SourceDate "2005.11.24"]
[SourceVersion "1"]
[SourceVersionDate "2005.11.24"]
[SourceQuality "1"]

1. d4 d5 2. c4 e6 3. Nf3 Nf6 4. Nc3 Be7 5. e3 O-O 6. Qb3 c5 7. Bd3 Nc6 8. O-O b6 9. Rd1 cxd4 10. exd4 Na5 11. Qc2 Nxc4 12. Ne5 Bb7 13. Nxc4 dxc4 14. Bxc4 Rc8 15. Qe2 h6 16. Bb3 a6 17. Bf4 Nd5 18. Nxd5 exd5 19. Qg4 Bg5 20. Be5 Bf6 21. Rac1 Re8 22. Qf4 Bxe5 23. dxe5 Rxc1 24. Rxc1 Qg5 25. Qxg5 hxg5 26. Rc7 Rc8 27. Rxc8+ Bxc8 28. Bxd5 Kf8 29. g3 Ke7 30. Kf1 Be6 31. Bb7 Bc4+ 32. Kg2 Ke6 33. b3 Bd5+ 34. Bxd5+ Kxd5 35. f4 gxf4 36. gxf4 Ke4 37. Kg3 b5 38. Kg4 a5 39. h4 a4 40. bxa4 bxa4 41. h5 Ke3 42. f5 1-0

[Event "Winnipeg Gr-B GP final"]
[Site "Winnipeg CAN"]
[Date "2004.11.09"]
[Round "2"]
[White "Zaczek, Jonathon"]
[Black "Lauritson, Jim"]
[Result "1-0"]
[WhiteElo "1953"]
[BlackElo "1896"]
[PlyCount "55"]
[GameId "2160767911031905"]
[EventDate "2004.12.??"]
[EventType "tourn"]
[EventRounds "6"]
[EventCountry "CAN"]
[SourceTitle "EXT 2006"]
[Source "ChessBase"]
[SourceDate "2005.11.24"]
[SourceVersion "1"]
[SourceVersionDate "2005.11.24"]
[SourceQuality "1"]

1. e4 c5 2. Nf3 e6 3. d4 cxd4 4. Nxd4 a6 5. c4 Nf6 6. Nc3 Bb4 7. Bd3 Bxc3+ 8. bxc3 Qa5 9. O-O O-O 10. Qe2 d6 11. f4 Qh5 12. Qxh5 Nxh5 13. e5 dxe5 14. fxe5 g6 15. Bg5 Nd7 16. Rae1 Nc5 17. Be2 Bd7 18. Bxh5 gxh5 19. Bh6 Rfc8 20. Rf3 Be8 21. Rg3+ Kh8 22. Bg7+ Kg8 23. Bf6+ Kf8 24. Rg7 Nd7 25. Rxh7 Nxf6 26. exf6 Kg8 27. Rxh5 Bc6 28. Re3 1-0

[Event "Winnipeg Gr-B GP final"]
[Site "Winnipeg CAN"]
[Date "2004.11.16"]
[Round "3"]
[White "Lauritson, Jim"]
[Black "Cleto, Sam"]
[Result "1-0"]
[WhiteElo "1896"]
[BlackElo "1875"]
[PlyCount "35"]
[GameId "2160767911031906"]
[EventDate "2004.12.??"]
[EventType "tourn"]
[EventRounds "6"]
[EventCountry "CAN"]
[SourceTitle "EXT 2006"]
[Source "ChessBase"]
[SourceDate "2005.11.24"]
[SourceVersion "1"]
[SourceVersionDate "2005.11.24"]
[SourceQuality "1"]

1. e4 c5 2. Nf3 g6 3. d4 cxd4 4. Qxd4 Nf6 5. e5 Nc6 6. Qc3 Nd5 7. Qb3 e6 8. c4 Na5 9. Qa4 Nb4 10. Bd2 b5 11. cxb5 Qc7 12. Na3 Qb7 13. Qxa5 Qe4+ 14. Be2 Nd3+ 15. Kf1 Bc5 16. Qc3 Nxf2 17. Qxc5 Nd3 18. Qe3 1-0

[Event "Winnipeg Gr-B GP final"]
[Site "Winnipeg CAN"]
[Date "2004.11.16"]
[Round "3"]
[White "Zhou, Lu"]
[Black "Zaczek, Jonathon"]
[Result "1/2-1/2"]
[WhiteElo "1772"]
[BlackElo "1953"]
[PlyCount "99"]
[GameId "2160767911031907"]
[EventDate "2004.12.??"]
[EventType "tourn"]
[EventRounds "6"]
[EventCountry "CAN"]
[SourceTitle "EXT 2006"]
[Source "ChessBase"]
[SourceDate "2005.11.24"]
[SourceVersion "1"]
[SourceVersionDate "2005.11.24"]
[SourceQuality "1"]

1. Nf3 Nf6 2. d4 g6 3. c4 Bg7 4. Nc3 O-O 5. g3 d5 6. Bg2 b6 7. O-O Bb7 8. Ne5 e6 9. Bg5 h6 10. Bxf6 Bxf6 11. Rc1 Bg7 12. Qc2 c5 13. e3 cxd4 14. exd4 Nd7 15. f4 Nxe5 16. dxe5 Ba6 17. Nb5 Bxb5 18. cxb5 a6 19. bxa6 Rxa6 20. a3 Ra5 21. Qc6 Re8 22. Rf3 Bf8 23. b4 Ra6 24. Bf1 Ra8 25. Bb5 Re7 26. Qd6 Rea7 27. Qxd8 Rxd8 28. Rb3 Rda8 29. a4 Rb8 30. Rb2 Raa8 31. Rc6 Kg7 32. h4 Ra7 33. Kf2 Be7 34. Kf3 Bd8 35. Ke3 Rc7 36. Rxc7 Bxc7 37. Be2 f6 38. Rc2 Rb7 39. exf6+ Kxf6 40. Rc6 Ke7 41. h5 gxh5 42. Bxh5 Bd6 43. Rc8 Rb8 44. Rxb8 Bxb8 45. a5 bxa5 46. bxa5 Ba7+ 47. Kd3 Kd6 48. a6 e5 49. fxe5+ Kxe5 50. Bf3 1/2-1/2